| 000 | 00353nam a22001217a 4500 | ||
|---|---|---|---|
| 082 |
_a624 _bRAM _cL-21, P-71 |
||
| 100 |
_aRamamrutham, S. _943141 |
||
| 245 |
_aA Hand Book of Civil Engineering _cRamamrutham, S. |
||
| 260 |
_aDelhi _bDhanpat Rai & Sons _cc1988 |
||
| 300 |
_a1148 _bill _c28cm |
||
| 526 |
_a0 _b0 _c0 _d624_000000000000000_RAM |
||
| 942 |
_2ddc _cBK |
||
| 999 |
_c550558 _d550558 |
||